00545nam a22002057a 4500003000500000005001700005008004100022010001000063011001000073035001000083040000900093082001400102100002000116245002600136260003800162300001100200490004900211650003000260830004900290CHAP20220817042411.0971013s1971 r 00010 d a43513 a44485 a48623 cCHAP a629.8bS300aSage, Andrew P. aSystem identification aNew york :bAcademic press,c1971 a221 p. aMathematics in science and engineeringv; 8014aIngeniería de sistemas.0 aMathematics in science and engineeringv; 80